Score 0/15 Timer 04:00
0 Plays Today
% Correct
Pi Day
94.1%
American
Independence Day
94%
Groundhog Day
93.5%
St. Patrick's Day
93%
Thanksgiving
92.6%
Valentine's Day
92.5%
Christmas
91.4%
Earth Day
90.4%
% Correct
Chinese
New Year
90.4%
New Year's Eve
90.2%
Hallowe'en
89%
Easter
87.6%
Mardi Gras
81.5%
Kwanzaa
81.3%
Hanukkah
78.9%
Remove Ads.
Support Sporcle.
Get the best of Sporcle when you Go Orange. This ad-free experience offers more features, more stats, and more fun while also helping to support Sporcle. Thank you for becoming a member.

You're not logged in!

Compare scores with friends on all Sporcle quizzes.
OR
Log In

Sporcle TV

Today on Sporcle TV


Watch our educational content, quiz creation guides, and fun videos on Sporcle TV.

Show Comments

Extras

Top Quizzes Today


Score Distribution

Paid Content

Your Account Isn't Verified!

In order to create a playlist on Sporcle, you need to verify the email address you used during registration. Go to your Sporcle Settings to finish the process.

Report this User

Report this user for behavior that violates our Community Guidelines.

Details: